Impact of intrinsic motivation on employees performance at Boamax Philippines Technologies Inc. / (Record no. 3144)

MARC details
000 -LEADER
fixed length control field 01483nam a22003377a 4500
003 - CONTROL NUMBER IDENTIFIER
control field OSt
005 - DATE AND TIME OF LATEST TRANSACTION
control field 20240422012009.0
008 - FIXED-LENGTH DATA ELEMENTS--GENERAL INFORMATION
fixed length control field 240421b ||||| |||| 00| 0 eng d
040 ## - CATALOGING SOURCE
Language of cataloging English.
Transcribing agency CvSU-CCAT Campus Library.
Description conventions rda.
050 ## - LIBRARY OF CONGRESS CALL NUMBER
Classification number UM HF 5549.2.P6
Item number J56 2018
100 ## - MAIN ENTRY--PERSONAL NAME
Personal name Jimenez, Roxette C., author.
9 (RLIN) 11211
245 ## - TITLE STATEMENT
Title Impact of intrinsic motivation on employees performance at Boamax Philippines Technologies Inc. /
Statement of responsibility, etc. Roxette C. Jimenez, Efrelyn A. Regondola, and Mary Jane N. Solis.
260 ## - PUBLICATION, DISTRIBUTION, ETC.
Place of publication, distribution, etc. Rosario, Cavite :
Name of publisher, distributor, etc. Cavite State University-CCAT Campus,
Date of publication, distribution, etc. 2018.
300 ## - PHYSICAL DESCRIPTION
Extent xiv, 68 leaves :
Other physical details illustrations ;
Dimensions 28 cm
500 ## - GENERAL NOTE
General note An Undergraduate Case Study (BSBM) -- Cavite State University-CCAT Campus, 2018.
504 ## - BIBLIOGRAPHY, ETC. NOTE
Bibliography, etc. note Includes bibliographical references and appendices.
546 ## - LANGUAGE NOTE
Language note In English text.
650 ## - SUBJECT ADDED ENTRY--TOPICAL TERM
Topical term or geographic name entry element Intrinsic motivation.
9 (RLIN) 11212
650 ## - SUBJECT ADDED ENTRY--TOPICAL TERM
Topical term or geographic name entry element Job satisfaction.
9 (RLIN) 6596
650 ## - SUBJECT ADDED ENTRY--TOPICAL TERM
Topical term or geographic name entry element Motivation.
9 (RLIN) 11213
650 ## - SUBJECT ADDED ENTRY--TOPICAL TERM
Topical term or geographic name entry element Personal management -- Philippines.
9 (RLIN) 11214
650 ## - SUBJECT ADDED ENTRY--TOPICAL TERM
Topical term or geographic name entry element Retention.
9 (RLIN) 11218
650 ## - SUBJECT ADDED ENTRY--TOPICAL TERM
Topical term or geographic name entry element Contracting out -- Philippines.
9 (RLIN) 11219
650 ## - SUBJECT ADDED ENTRY--TOPICAL TERM
Topical term or geographic name entry element Boamax Philippines Technologies Inc. (BPTI)
9 (RLIN) 11215
700 ## - ADDED ENTRY--PERSONAL NAME
Personal name Regondola, Efrelyn A., author.
9 (RLIN) 11216
700 ## - ADDED ENTRY--PERSONAL NAME
Personal name Solis, Mary Jane N. author.
9 (RLIN) 11217
700 ## - ADDED ENTRY--PERSONAL NAME
Personal name Tadeo, Jerico B., adviser.
9 (RLIN) 6612
700 ## - ADDED ENTRY--PERSONAL NAME
Personal name Ambas, Arman M., technical critic.
9 (RLIN) 6668
942 ## - ADDED ENTRY ELEMENTS (KOHA)
Source of classification or shelving scheme Library of Congress Classification
Koha item type Thesis/Manuscripts/Dissertations
Classification part HF 4459.2.P6 J56 2018
Call number prefix UM
Holdings
Withdrawn status Lost status Source of classification or shelving scheme Damaged status Not for loan Collection code Home library Current library Shelving location Date acquired Coded location qualifier Full call number Barcode Date last seen Copy number Price effective from Koha item type
    Library of Congress Classification     Thesis/Manuscript/Dissertation Cavite State University - CCAT Campus Cavite State University - CCAT Campus TH 10/17/2018 UM UM HF 4459.2.P6 J56 2018 T0004337 10/24/2025 1 04/22/2024 Thesis/Manuscripts/Dissertations